000 02937nam a2200325Ia 4500
001 CRC00HE7093PDF
003 BD-DhSAU
005 20151012144301.0
006 m|||||o||d||||||||
007 cr||||
008 130702s2010 fluad sb 001 0 eng d
020 _a9781420070934 (ebook : PDF)
040 _aBD-DhSAU
_cBD-DhSAU
090 _aRE725
_b.C66 2010
092 _a617.7
_bC764
245 0 0 _aControversies in neuro-ophthalmology
_h[electronic resource] :
_ba case-based debate /
_ceditors, Andrew G. Lee, Jacinthe Rouleau, Reid Longmuir.
260 _aBoca Raton, Fla. :
_bCRC Press,
_c2010.
300 _axi, 120 p. :
_bill.
504 _aIncludes bibliographical references and index.
505 0 _a1. Should a patient with unexplained isolated optic atrophy have neuroimaging and further laboratory evaluation? -- 2. Should a patient with unexplained isolated optic atrophy have neuroimaging and further laboratory evaluation? -- 3. Should a patient with optic disc edema with a macular star figure (neuroretinitis) have lab testing and treatment? -- 4. Should a vasculopathic patient with nonarteritic anterior ischemic optic neuropathy have any testing? -- 5. What is the treatment for giant cell arteritis? -- 6. Should I do a bilateral or unilateral temporal artery biopsy in suspected giant cell arteritis? -- 7. Should I treat traumatic optic neuropathy? -- 8. Should I do a MRI and MR venogram in every patient with pseudotumor cerebri? -- 9. Should we perform carotid Doppler and cardiac echo on young patients with transient visual loss? -- 10. What is the best visual field test for neuroophthalmology? -- 11. Does visual rehabilitation therapy help patients with homonymous hemianopsia? -- 12. Should a patient with a pupil involved third nerve palsy have a catheter angiogram if the MRA or CTA are negative? -- 13. Do erectile dysfunction agents cause anterior ischemic optic neuropathy? -- 14. Does amiodarone produce an optic neuropathy? -- 15. Should I start my patient with myasthenia gravis on steroids to reduce the chance of generalized myasthenia gravis? -- 16. Does radiation therapy work for thyroid ophthalmopathy? -- 17. Should I do topical pharmacologic testing in the Horner syndrome? -- 18. Should a patient with giant cell arteritis have a fluorescein angiogram? -- 19. Does pseudotumor cerebri without papilledema exist? -- 20. Does a patient with an isolated vasculopathic ocular motor cranial nerve palsy need a neuorimaging study?.
530 _aAlso available in print edition.
538 _aMode of access: World Wide Web.
650 0 _aNeuroophthalmology.
655 7 _aElectronic books.
_2lcsh
700 1 _aLee, Andrew G.
700 1 _aRouleau, Jacinthe.
700 1 _aLongmuir, Reid.
776 1 _z9781420070927
856 4 0 _uhttp://marc.crcnetbase.com/isbn/9781420070934
_qapplication/PDF
999 _c11346
_d11345